[Event "SC Buer-Hassel 1 - SF Brackel 2"]
[Site "Verbandsliga - Gr. 2 2019/202"]
[Date "2019.11.17"]
[Round "3.3"]
[White "Albers, Damian"]
[Black "Wiechen, Ulrich"]
[Result "1-0"]
[WhiteElo "2051"]
[BlackElo "1910"]
[PlyCount "95"]
[EventDate "2019.??.??"]

1. e4 e6 2. d4 d5 3. exd5 exd5 4. Nf3 Nf6 5. c4 c6 6. Nc3 Be6 7. c5 b6 8. b4 a5
9. Na4 Nbd7 10. b5 cxb5 11. Bxb5 bxc5 12. Nxc5 Bxc5 13. dxc5 O-O 14. c6 Qb6 15.
a4 Ng4 16. O-O Nde5 17. Nxe5 Nxe5 18. Be3 Qc7 19. Bf4 f6 20. Re1 Bf7 21. Rc1
Rfe8 22. Qd2 Re7 23. h3 Rd8 24. Qd4 Rde8 25. Kf1 Qa7 26. Qxa7 Rxa7 27. c7 Rc8
28. Rxe5 fxe5 29. Bxe5 Be6 30. Ke2 g6 31. Kd3 Kf7 32. Bd6 Bf5+ 33. Kd4 Ke6 34.
Rc6 Kf7 35. Kxd5 Be6+ 36. Kd4 Bd7 37. Rc3 Ke6 38. Bf4 Rb7 39. Re3+ Kf5 40.
Bxd7+ Kxf4 41. Re4+ Kg5 42. Bxc8 Rxc7 43. h4+ Kf6 44. Ba6 Rc1 45. Re2 Rb1 46.
Kc5 Rb4 47. Bb5 Rxh4 48. Kb6 1-0

[Event "SC Buer-Hassel 1 - SF Brackel 2"]
[Site "Verbandsliga - Gr. 2 2019/202"]
[Date "2019.11.17"]
[Round "3.4"]
[White "Althoff, Christoph"]
[Black "Reisberg, Andre"]
[Result "0-1"]
[WhiteElo "1914"]
[BlackElo "2019"]
[PlyCount "110"]
[EventDate "2019.??.??"]

1. e4 e6 2. d4 d5 3. exd5 exd5 4. Nf3 Nf6 5. Bd3 c5 6. dxc5 Nc6 7. O-O Bxc5 8.
Bg5 O-O 9. Nc3 Be6 10. a3 a5 11. Bh4 h6 12. Qd2 Be7 13. Rfe1 Re8 14. Bg3 Nh5
15. Rad1 Nxg3 16. hxg3 Bf6 17. Bb5 Qb6 18. a4 Red8 19. Qf4 Nb4 20. Re2 Nc6 21.
Red2 Qc5 22. g4 Qb4 23. Qxb4 Nxb4 24. Nh2 Rac8 25. f3 Bxc3 26. bxc3 Rxc3 27.
Nf1 Rdc8 28. Ng3 Rxc2 29. Ne2 Rxd2 30. Rxd2 Kf8 31. Nf4 Ke7 32. Kf2 Rc2 33. Ke2
Rxd2+ 34. Kxd2 Bd7 35. Bxd7 Kxd7 36. Kc3 Kd6 37. Nh5 g6 38. Nf6 Nc6 39. Ne8+
Kc5 40. f4 d4+ 41. Kd2 Ne7 42. Kd3 Nd5 43. g3 Nc3 44. Nf6 Nxa4 45. Nd7+ Kd6 46.
Ne5 Kd5 47. Nxf7 Nc5+ 48. Kc2 Ne4 49. Nxh6 Nxg3 50. f5 gxf5 51. g5 f4 52. g6
Nh5 53. Kd3 f3 54. Nf5 Nf4+ 55. Kd2 Nxg6 0-1

[Event "SC Buer-Hassel 1 - SF Brackel 2"]
[Site "Verbandsliga - Gr. 2 2019/202"]
[Date "2019.11.17"]
[Round "3.5"]
[White "Krueger, Sven"]
[Black "Strohmann, Andreas"]
[Result "1-0"]
[WhiteElo "1930"]
[BlackElo "1862"]
[PlyCount "69"]
[EventDate "2019.??.??"]

1. e4 d5 2. exd5 Nf6 3. Nf3 Nxd5 4. d4 Bg4 5. Be2 Nc6 6. c4 Nb6 7. d5 Bxf3 8.
Bxf3 Ne5 9. b3 g6 10. Bb2 Bg7 11. Nc3 O-O 12. O-O Nbd7 13. Re1 Nxf3+ 14. Qxf3
Nf6 15. Re2 Re8 16. Rae1 Qd7 17. Ba3 Bf8 18. h3 a6 19. Re3 b5 20. Qe2 bxc4 21.
bxc4 Bh6 22. Rxe7 Rxe7 23. Qxe7 Bd2 24. Qxd7 Nxd7 25. Re7 Bxc3 26. Rxd7 Be5 27.
g3 g5 28. c5 Rb8 29. Re7 f6 30. d6 cxd6 31. cxd6 Rd8 32. d7 Bc7 33. Kg2 h5 34.
Kf3 Rf8 35. Re8 1-0

[Event "SC Buer-Hassel 1 - SF Brackel 2"]
[Site "Verbandsliga - Gr. 2 2019/202"]
[Date "2019.11.17"]
[Round "3.6"]
[White "Lazarev, Vadim"]
[Black "Mathe, Christian"]
[Result "1-0"]
[WhiteElo "1771"]
[BlackElo "1683"]
[PlyCount "79"]
[EventDate "2019.??.??"]

1. e4 e5 2. Nf3 Nf6 3. Nxe5 d6 4. Nf3 Nxe4 5. Nc3 d5 6. Bd3 Nf6 7. b3 Nc6 8.
Bb2 Bg4 9. Qe2+ Qe7 10. O-O-O O-O-O 11. h3 Bd7 12. Rhe1 Qxe2 13. Nxe2 Nb4 14.
Ne5 Nxd3+ 15. Nxd3 Bd6 16. Ne5 Bxe5 17. Bxe5 Rde8 18. d4 Ne4 19. f3 Nf6 20. Nf4
c6 21. a4 Rd8 22. Bxf6 gxf6 23. Re7 Rhf8 24. Rde1 Rde8 25. Rxe8+ Rxe8 26. Rxe8+
Bxe8 27. Nh5 Bd7 28. Nxf6 Bf5 29. g4 Bg6 30. f4 Kd8 31. f5 Ke7 32. fxg6 hxg6
33. Ng8+ Kf8 34. Nh6 f6 35. h4 Kg7 36. g5 f5 37. Kd2 b6 38. b4 Kf8 39. Ke3 a6
40. a5 1-0

[Event "SC Buer-Hassel 1 - SF Brackel 2"]
[Site "Verbandsliga - Gr. 2 2019/202"]
[Date "2019.11.17"]
[Round "3.7"]
[White "Grote, Christina"]
[Black "Wingerning, Gerd"]
[Result "1/2-1/2"]
[WhiteElo "1642"]
[BlackElo "1740"]
[PlyCount "49"]
[EventDate "2019.??.??"]

1. d4 c5 2. d5 Nf6 3. g3 d6 4. Bg2 g6 5. Nf3 Bg7 6. O-O Nbd7 7. Nbd2 Nxd5 8.
Ng5 N5f6 9. e4 O-O 10. f4 Rb8 11. Qe2 Qc7 12. Ndf3 h6 13. Nxf7 Rxf7 14. e5 Kh8
15. e6 Rf8 16. exd7 Qxd7 17. Nh4 Kh7 18. Qd3 Qg4 19. Bf3 Bf5 20. Qe2 Qh3 21.
Bg2 Qg4 22. Bf3 Qh3 23. Bg2 Qg4 24. Bf3 Qh3 25. Bg2 1/2-1/2

[Event "SC Buer-Hassel 1 - SF Brackel 2"]
[Site "Verbandsliga - Gr. 2 2019/202"]
[Date "2019.11.17"]
[Round "3.8"]
[White "Deno, Thomas"]
[Black "Skabs, Denis"]
[Result "0-1"]
[WhiteElo "1354"]
[BlackElo "1863"]
[PlyCount "44"]
[EventDate "2019.??.??"]

1. e4 e5 2. Nf3 Nc6 3. Bc4 Nf6 4. Nc3 Nxe4 5. Bxf7+ Kxf7 6. Nxe4 d5 7. Neg5+
Kg8 8. d3 h6 9. Nh3 Bg4 10. c3 Qd7 11. Nhg1 Re8 12. h3 Bf5 13. g4 e4 14. dxe4
Bxe4 15. Be3 d4 16. Qb3+ Bd5 17. c4 Bxf3 18. Nxf3 dxe3 19. c5+ Qe6 20. O-O
exf2+ 21. Rxf2 Qxb3 22. axb3 Bxc5 0-1

[Event "SF Buer 1 - Matt Inn Dortmund 1"]
[Site "Verbandsklasse - Gr. 1 2019/2"]
[Date "2019.11.17"]
[Round "3.1"]
[White "Koenig, Christian"]
[Black "Große-Frintrop, Gerd"]
[Result "1-0"]
[WhiteElo "2039"]
[BlackElo "2009"]
[PlyCount "25"]
[EventDate "2019.??.??"]

1. e4 d5 2. exd5 Qxd5 3. Nc3 Qd8 4. d4 Nf6 5. Bc4 c6 6. Nf3 Nd5 7. Ne5 e6 8.
Qf3 Qc7 9. Ne4 h6 10. O-O b6 11. Re1 Bb7 12. Bb3 Qe7 13. Nd6+ 1-0

[Event "SF Buer 1 - Matt Inn Dortmund 1"]
[Site "Verbandsklasse - Gr. 1 2019/2"]
[Date "2019.11.17"]
[Round "3.2"]
[White "Schorra, Helmut"]
[Black "Schulenburg, Pit"]
[Result "1-0"]
[WhiteElo "2082"]
[BlackElo "2058"]
[PlyCount "39"]
[EventDate "2019.??.??"]

1. Nf3 f5 2. d3 Nf6 3. e4 d6 4. exf5 Bxf5 5. d4 c5 6. Bb5+ Nbd7 7. O-O Qb6 8.
Nc3 O-O-O 9. a4 e5 10. a5 Qc7 11. dxe5 Nxe5 12. a6 Nxf3+ 13. Qxf3 Bg4 14. axb7+
Qxb7 15. Qd3 Kb8 16. Ba6 c4 17. Qxc4 d5 18. Bf4+ Bd6 19. Bxd6+ Rxd6 20. Qf4 1-0

[Event "SF Buer 1 - Matt Inn Dortmund 1"]
[Site "Verbandsklasse - Gr. 1 2019/2"]
[Date "2019.11.17"]
[Round "3.3"]
[White "Boehmfeldt, Bruno"]
[Black "Wilbert, Siegfried"]
[Result "1-0"]
[WhiteElo "2232"]
[BlackElo "1916"]
[PlyCount "89"]
[EventDate "2019.??.??"]

1. g3 d5 2. d3 Nf6 3. Nd2 e5 4. e4 dxe4 5. dxe4 Be6 6. c3 c6 7. Ngf3 Qc7 8. Ng5
Bg4 9. f3 Bh5 10. Bc4 h6 11. Nh3 Nbd7 12. Qe2 b5 13. Bb3 Nc5 14. Bc2 Rd8 15.
O-O Be7 16. Nf2 O-O 17. b4 Ne6 18. Bb3 a6 19. a4 Rd7 20. Bxe6 fxe6 21. Nb3 Rfd8
22. Be3 Be8 23. a5 c5 24. Bxc5 Bxc5 25. Nxc5 Rd2 26. Qe3 Qa7 27. Rad1 Rxd1 28.
Rxd1 Rxd1+ 29. Nxd1 Kf7 30. Nf2 Nd7 31. Nfd3 Ke7 32. Kf2 Qc7 33. Nxd7 Bxd7 34.
Qc5+ Qxc5+ 35. bxc5 Kf6 36. Ke3 g5 37. Nb4 Bc8 38. Kd3 h5 39. c4 bxc4+ 40. Kxc4
g4 41. fxg4 hxg4 42. c6 Ke7 43. Kc5 Ke8 44. Kd6 Kd8 45. Nd3 1-0

[Event "SF Buer 1 - Matt Inn Dortmund 1"]
[Site "Verbandsklasse - Gr. 1 2019/2"]
[Date "2019.11.17"]
[Round "3.4"]
[White "Renk, Christoph"]
[Black "Kromat, Stefan"]
[Result "1-0"]
[WhiteElo "1926"]
[BlackElo "1740"]
[PlyCount "53"]
[EventDate "2019.??.??"]

1. c4 d6 2. d4 e5 3. Nf3 Nd7 4. Nc3 Ngf6 5. Qc2 Be7 6. e4 c6 7. Be2 O-O 8. d5
Qc7 9. O-O a6 10. Bd2 cxd5 11. exd5 g6 12. a4 Nc5 13. b4 Bf5 14. Qa2 Nce4 15.
Nxe4 Nxe4 16. Be1 Ng5 17. Nxg5 Bxg5 18. Bc3 Bd7 19. a5 h5 20. f4 exf4 21. Qd2
f6 22. Bd3 Kg7 23. h4 Bh6 24. Qc2 Be8 25. Rae1 Bf7 26. Bxf6+ Kh7 27. Re7 1-0

[Event "SF Buer 1 - Matt Inn Dortmund 1"]
[Site "Verbandsklasse - Gr. 1 2019/2"]
[Date "2019.11.17"]
[Round "3.5"]
[White "Fork, Raphael"]
[Black "Andersen, Knut"]
[Result "1/2-1/2"]
[WhiteElo "1873"]
[BlackElo "1968"]
[PlyCount "106"]
[EventDate "2019.??.??"]

1. e4 c5 2. Nf3 Nc6 3. Bb5 g6 4. Bxc6 dxc6 5. h3 Bg7 6. O-O Nf6 7. d3 O-O 8.
Nc3 Qc7 9. Be3 b6 10. Qc1 Re8 11. Bh6 Bh8 12. Bf4 e5 13. Be3 Nh5 14. Ne2 Ng7
15. Nh2 Ne6 16. f4 exf4 17. Nxf4 Be5 18. Ng4 Nxf4 19. Nh6+ Kg7 20. Bxf4 Bxf4
21. Rxf4 Be6 22. Ng4 h5 23. Nh2 Rad8 24. b3 Qe5 25. Rb1 Kh7 26. Nf3 Qg7 27.
Ng5+ Kg8 28. Qb2 Qxb2 29. Rxb2 Kg7 30. Rf2 f6 31. Nxe6+ Rxe6 32. Rb1 a5 33. a4
Rf8 34. Rbf1 Rf7 35. g4 hxg4 36. hxg4 Kh6 37. Kg2 Kg5 38. Kg3 Rh7 39. Rf4 Rd6
40. R4f3 b5 41. Ra1 Rh4 42. axb5 Rxg4+ 43. Kf2 cxb5 44. Rxa5 Rb6 45. Rg3 f5 46.
exf5 gxf5 47. Ra8 Rxg3 48. Kxg3 c4 49. bxc4 bxc4 50. Rg8+ Kf6 51. dxc4 Rb2 52.
Rf8+ Kg5 53. Rg8+ Kf6 1/2-1/2

[Event "SF Buer 1 - Matt Inn Dortmund 1"]
[Site "Verbandsklasse - Gr. 1 2019/2"]
[Date "2019.11.17"]
[Round "3.6"]
[White "Seppelfricke, Guido"]
[Black "Schmitz, Martin"]
[Result "0-1"]
[WhiteElo "1866"]
[BlackElo "1819"]
[PlyCount "82"]
[EventDate "2019.??.??"]

1. e4 c5 2. Nf3 Nc6 3. d4 cxd4 4. Nxd4 Nf6 5. Nc3 e5 6. Ndb5 d6 7. f3 a6 8. Na3
b5 9. Nd5 Nxd5 10. Qxd5 Qc7 11. c3 Be6 12. Qd3 Be7 13. Nc2 O-O 14. Be2 f5 15.
O-O fxe4 16. fxe4 Rxf1+ 17. Bxf1 Na5 18. b3 Rc8 19. Bb2 Nb7 20. Nb4 Nc5 21. Qe3
Qb7 22. Re1 h6 23. Nd3 Bg5 24. Qe2 Qb6 25. Kh1 Rf8 26. Ba3 Nxd3 27. Qxd3 Qf2
28. Qe2 Bd2 29. Qxf2 Rxf2 30. Rb1 Bxc3 31. Bxd6 Rxa2 32. h3 Ra1 33. Rxa1 Bxa1
34. b4 Bc4 35. Bxc4+ bxc4 36. Kg1 c3 37. Bxe5 c2 38. Bf4 Bb2 39. Kf2 c1=Q 40.
Bxc1 Bxc1 41. Ke2 Ba3 0-1

[Event "SF Buer 1 - Matt Inn Dortmund 1"]
[Site "Verbandsklasse - Gr. 1 2019/2"]
[Date "2019.11.17"]
[Round "3.7"]
[White "Meinike, Thorsten"]
[Black "Kreitling, Oliver"]
[Result "1/2-1/2"]
[WhiteElo "1790"]
[BlackElo "1888"]
[PlyCount "128"]
[EventDate "2019.??.??"]

1. d4 d5 2. c4 e6 3. Nc3 Nf6 4. Bg5 c6 5. e3 Nbd7 6. Nf3 Qa5 7. Qb3 dxc4 8.
Bxc4 Nb6 9. Bd3 h6 10. Bh4 Qh5 11. Bg3 Be7 12. O-O O-O 13. Rac1 Re8 14. Ne5
Nfd7 15. f4 Nxe5 16. fxe5 Nd5 17. Rf3 Bg5 18. Re1 Nxc3 19. Qxc3 Bd7 20. Ref1
Rec8 21. Bc2 Be8 22. Qd3 Qg6 23. Qb3 Qh5 24. Kh1 c5 25. Qxe6 Qxf3 26. Qxe8+
Rxe8 27. Rxf3 cxd4 28. Bb3 Rf8 29. exd4 Bc1 30. Bh4 g5 31. Be1 Bxb2 32. Bb4
Bxd4 33. Bxf8 Rxf8 34. e6 fxe6 35. Bxe6+ Kg7 36. Rxf8 Kxf8 37. g4 Ke7 38. Bd5
b5 39. Kg2 Kd6 40. Bb3 Kc5 41. Kf3 a5 42. Ke4 a4 43. Bf7 b4 44. Kd3 Be5 45. h3
b3 46. axb3 a3 47. Kc2 Kb4 48. Kb1 Kc3 49. Ka2 Bd6 50. Be6 Kd4 51. Bf7 Ke3 52.
Bg6 Kf3 53. Bf7 Kg3 54. Bh5 Kxh3 55. Kb1 Kg3 56. Ka2 Bb4 57. Kb1 Kf4 58. Ka2
Ke5 59. Kb1 Kd4 60. Ka2 Kc3 61. Bg6 Be7 62. Bf7 Kc2 63. Bh5 Bb4 64. Bf7 Kc3
1/2-1/2

[Event "SF Buer 1 - Matt Inn Dortmund 1"]
[Site "Verbandsklasse - Gr. 1 2019/2"]
[Date "2019.11.17"]
[Round "3.8"]
[White "Altieri, Dennis"]
[Black "Litzenberg, David"]
[Result "1/2-1/2"]
[WhiteElo "1685"]
[BlackElo "1442"]
[PlyCount "100"]
[EventDate "2019.??.??"]

1. f4 d5 2. Nf3 Nc6 3. d4 Bf5 4. e3 e6 5. c3 a6 6. Bd3 Nf6 7. O-O Be7 8. Ne5
Bxd3 9. Qxd3 O-O 10. Nd2 Na7 11. f5 Qd6 12. e4 exf5 13. exd5 g6 14. Ndf3 Nh5
15. Re1 Bf6 16. Qd1 Rad8 17. Nd3 Qxd5 18. Bg5 Rde8 19. Bh6 Bg7 20. Bxg7 Kxg7
21. Nb4 Qb5 22. a4 Qd7 23. Ne5 Qd8 24. Qf3 c6 25. Rad1 a5 26. Nbd3 Nf6 27. Nc5
Qd6 28. Nxb7 Qb8 29. Nxa5 c5 30. Nac6 Nxc6 31. Qxc6 cxd4 32. cxd4 Qxb2 33. Nd3
Qxd4+ 34. Nf2 Rxe1+ 35. Rxe1 Ne4 36. Qc2 Ra8 37. Rd1 Qxf2+ 38. Qxf2 Nxf2 39.
Kxf2 Rxa4 40. Rd6 h5 41. h3 g5 42. Rd5 Kg6 43. Rd8 g4 44. Rg8+ Kf6 45. h4 f4
46. Rg5 Ra2+ 47. Kf1 g3 48. Rxh5 Kg6 49. Rg5+ Kh6 50. Rf5 Ra1+ 1/2-1/2

[Event "SV Mülheim-Nord 4 - SF Brackel 4"]
[Site "Verbandsklasse - Gr. 1 2019/2"]
[Date "2019.11.17"]
[Round "3.1"]
[White "Althoff, Ralph"]
[Black "Grodotzki, Kenneth"]
[Result "0-1"]
[WhiteElo "1933"]
[BlackElo "1970"]
[PlyCount "70"]
[EventDate "2019.??.??"]

1. d4 f5 2. Nc3 Nf6 3. Bg5 d5 4. e3 g6 5. Nf3 Bg7 6. Bd3 O-O 7. O-O c5 8. h4
Nc6 9. a3 h6 10. Bf4 Nh5 11. Be5 Nxe5 12. dxe5 e6 13. b4 cxb4 14. axb4 Bd7 15.
Be2 Qc7 16. Qd4 Rac8 17. Ra3 a6 18. Rd1 Be8 19. g4 fxg4 20. Qxg4 Qf7 21. Rf1
Qf5 22. Nd4 Qxe5 23. Bd3 Rf6 24. b5 axb5 25. Ncxb5 Bf8 26. Ra7 Rb8 27. Rfa1 Bd6
28. Nf3 Rxf3 29. Qxf3 Qh2+ 30. Kf1 Bxb5 31. Bxb5 Rf8 32. Ra8 Bb8 33. Rxb8 Rxb8
34. Ra7 Rf8 35. Qg2 Ng3+ 0-1

[Event "SV Mülheim-Nord 4 - SF Brackel 4"]
[Site "Verbandsklasse - Gr. 1 2019/2"]
[Date "2019.11.17"]
[Round "3.2"]
[White "Schmidt, Kevin"]
[Black "Al Tarboush, Hussam"]
[Result "0-1"]
[WhiteElo "1926"]
[BlackElo "1972"]
[PlyCount "116"]
[EventDate "2019.??.??"]

1. e4 c6 2. d4 d5 3. Nc3 dxe4 4. Nxe4 Bf5 5. Ng3 Bg6 6. Nh3 e6 7. Nf4 Bd6 8. c3
Nf6 9. Qf3 Nbd7 10. Bd3 e5 11. Nfe2 Qe7 12. Nf5 Bxf5 13. Bxf5 exd4 14. cxd4
Bb4+ 15. Kf1 O-O 16. a3 Ba5 17. Bg5 h6 18. Bh4 Qd6 19. Bg3 Qe7 20. Bh4 Rad8 21.
Bxd7 Rxd7 22. Bxf6 Qxf6 23. Qxf6 gxf6 24. h4 Bb6 25. Rd1 Rfd8 26. Rh3 c5 27.
Rf3 Rd6 28. d5 Rxd5 29. Rxd5 Rxd5 30. Nc3 Rd4 31. Rxf6 Rxh4 32. Nd5 Rh1+ 33.
Ke2 Rb1 34. b4 Kg7 35. Rf3 Rb2+ 36. Ke1 cxb4 37. axb4 Bd4 38. Rf4 Be5 39. Rc4
Bd6 40. g4 Kg6 41. Kf1 Kg5 42. Kg2 Rb3 43. Rd4 a6 44. Re4 Ra3 45. Rd4 Rb3 46.
Re4 a5 47. bxa5 Rb5 48. Nc3 Rxa5 49. Rc4 Kg6 50. Ne4 Be5 51. Rb4 b5 52. Kf3
Ra3+ 53. Kg2 Ra4 54. Rxb5 Rxe4 55. f3 Re3 56. Kf2 Bd4 57. Rd5 Ba7 58. Kg3 Ra3
0-1

[Event "SV Mülheim-Nord 4 - SF Brackel 4"]
[Site "Verbandsklasse - Gr. 1 2019/2"]
[Date "2019.11.17"]
[Round "3.3"]
[White "Bense, Dirk"]
[Black "Dezent, Ilia"]
[Result "1/2-1/2"]
[WhiteElo "1982"]
[BlackElo "1825"]
[PlyCount "41"]
[EventDate "2019.??.??"]

1. e4 c5 2. Nf3 d6 3. d4 cxd4 4. Nxd4 Nf6 5. Nc3 a6 6. h3 e5 7. Nde2 Be6 8. Bg5
Be7 9. Qd2 Nbd7 10. O-O-O O-O 11. g4 Qa5 12. b3 Rfc8 13. Kb1 Qa3 14. Bg2 Rc5
15. Qc1 Qa5 16. Be3 Rc6 17. Nd5 Bxd5 18. exd5 Rc7 19. Qd2 Qa3 20. Qc1 Qa5 21.
Qd2 1/2-1/2

[Event "SV Mülheim-Nord 4 - SF Brackel 4"]
[Site "Verbandsklasse - Gr. 1 2019/2"]
[Date "2019.11.17"]
[Round "3.4"]
[White "Schuermann, Jan"]
[Black "Schwiddessen, Jan"]
[Result "1/2-1/2"]
[WhiteElo "1815"]
[BlackElo "1867"]
[PlyCount "36"]
[EventDate "2019.??.??"]

1. e4 c5 2. Nf3 d6 3. d4 cxd4 4. Nxd4 Nf6 5. Nc3 a6 6. g3 e5 7. Nde2 Be7 8. Bg2
Nbd7 9. O-O O-O 10. Nd5 Nxd5 11. Qxd5 Nf6 12. Qd3 Be6 13. Nc3 Rc8 14. Rd1 Qc7
15. Bg5 Rfd8 16. h3 h6 17. Be3 b5 18. Rac1 Qa5 1/2-1/2

[Event "SV Mülheim-Nord 4 - SF Brackel 4"]
[Site "Verbandsklasse - Gr. 1 2019/2"]
[Date "2019.11.17"]
[Round "3.6"]
[White "Alfrihan, Omar"]
[Black "Truemper, Michael"]
[Result "0-1"]
[WhiteElo "1495"]
[BlackElo "1881"]
[PlyCount "126"]
[EventDate "2019.??.??"]

1. e4 e6 2. Nf3 d5 3. exd5 exd5 4. d4 Bd6 5. Nc3 c6 6. h3 Ne7 7. Bd3 Bf5 8. Bg5
f6 9. Be3 O-O 10. O-O Nd7 11. Bxf5 Nxf5 12. Qd3 Nxe3 13. fxe3 Re8 14. Rad1 Nf8
15. e4 dxe4 16. Nxe4 Bc7 17. c4 Qe7 18. Rde1 Rad8 19. a3 Ne6 20. g3 Bb6 21. c5
Bxc5 22. Nxc5 Qxc5 23. Qb3 Qd5 24. Qc3 Kf7 25. Ne5+ Kg8 26. Nf3 Re7 27. Rf2
Red7 28. Rd2 g5 29. Qe3 Re7 30. Kf2 h5 31. Qe4 Qxe4 32. Rxe4 Kf7 33. Rde2 Rd6
34. b4 Red7 35. Ke3 f5 36. Ne5+ Ke7 37. Nxd7 fxe4 38. Nc5 Nxd4 39. Rf2 b6 40.
Nxe4 Rd5 41. g4 hxg4 42. hxg4 Ne6 43. Rf5 a5 44. Nc3 Rxf5 45. gxf5 Ng7 46. Ke4
Kf6 47. b5 cxb5 48. Nd5+ Kf7 49. Nxb6 b4 50. axb4 axb4 51. Ke5 b3 52. Nc4 Nh5
53. Nd6+ Kf8 54. Nc4 g4 55. Ke4 g3 56. Kf3 Ke7 57. Kg2 Kf6 58. Kf3 Kxf5 59. Ke2
Nf4+ 60. Kd2 Nd5 61. Ke2 Kf4 62. Nb2 Nc3+ 63. Kf1 Kf3 0-1

[Event "SV Mülheim-Nord 4 - SF Brackel 4"]
[Site "Verbandsklasse - Gr. 1 2019/2"]
[Date "2019.11.17"]
[Round "3.7"]
[White "Strathoff, Dirk"]
[Black "Stadel, Michael"]
[Result "1-0"]
[WhiteElo "1851"]
[BlackElo "1548"]
[PlyCount "91"]
[EventDate "2019.??.??"]

1. c4 e5 2. Nc3 d6 3. e3 f5 4. d4 e4 5. f4 Nf6 6. d5 c6 7. Nge2 g6 8. b3 Bg7 9.
Bb2 O-O 10. Qd2 c5 11. Ng3 Bd7 12. Be2 Be8 13. h4 h5 14. Nd1 Qe7 15. Nf2 a6 16.
Nh3 b5 17. Ng5 Bd7 18. Rb1 b4 19. Rd1 a5 20. Kf2 a4 21. Qc2 Na6 22. Ra1 a3 23.
Bxf6 Bxf6 24. Rag1 Nc7 25. Qd1 Be8 26. Rh3 Qg7 27. Bxh5 Bxg5 28. hxg5 Qb2+ 29.
Be2 Rf7 30. Rgh1 Kf8 31. Qa1 Qxa1 32. Rxa1 Rg7 33. Rah1 Bf7 34. Nf1 Ke7 35. g4
Rag8 36. Ng3 fxg4 37. Bxg4 Nxd5 38. cxd5 Bxd5 39. f5 Rf7 40. f6+ Kf8 41. Be2
Be6 42. Rh4 d5 43. Rc1 Rc7 44. Nxe4 dxe4 45. Rxe4 Kf7 46. Rxe6 1-0

[Event "SV Mülheim-Nord 4 - SF Brackel 4"]
[Site "Verbandsklasse - Gr. 1 2019/2"]
[Date "2019.11.17"]
[Round "3.8"]
[White "Tarasenko, Maxim"]
[Black "Tekin, Baran"]
[Result "1/2-1/2"]
[WhiteElo "1508"]
[BlackElo "1777"]
[PlyCount "81"]
[EventDate "2019.??.??"]

1. e4 g6 2. d4 d6 3. Nf3 Bg7 4. c4 Nf6 5. Nc3 O-O 6. Be2 e5 7. d5 Ne8 8. Nd2
Nd7 9. O-O f5 10. b4 f4 11. Bg4 Nef6 12. Be6+ Kh8 13. f3 a5 14. Ba3 axb4 15.
Bxb4 b6 16. a4 g5 17. Nb5 Ne8 18. a5 bxa5 19. Bxa5 Ndf6 20. Bxc8 Qxc8 21. Qc2
g4 22. c5 Qd7 23. Rfb1 gxf3 24. Nxf3 Nxd5 25. exd5 e4 26. Nfd4 f3 27. Qxe4 f2+
28. Kf1 Nf6 29. Qe6 dxc5 30. Nf5 Qxd5 31. Qxd5 Nxd5 32. Nxg7 Ne3+ 33. Ke2 f1=Q+
34. Rxf1 Rxf1 35. Rxf1 Nxf1 36. Bc3 Nxh2 37. Ne6+ Kg8 38. Nexc7 Ra2+ 39. Bd2
Nf1 40. Kxf1 Rxd2 41. Ne6 1/2-1/2

[Event "SF Werden 2 - SF Kirchhellen"]
[Site "?"]
[Date "2019.11.17"]
[Round "3"]
[White "Schlueter, Christoph"]
[Black "Gockel, Mirco"]
[Result "1/2-1/2"]
[WhiteElo "1946"]
[BlackElo "1913"]
[PlyCount "53"]

1. c4 Nf6 2. g3 g6 3. Nc3 Bg7 4. Bg2 c5 5. Nf3 O-O 6. O-O Nc6 7. d4 cxd4 8.
Nxd4 Ne8 9. Bxc6 dxc6 10. Nxc6 Qxd1 11. Nxe7+ Kh8 12. Rxd1 Be6 13. Ned5 Rc8 14.
Be3 Rxc4 15. Bxa7 Nf6 16. Ne3 Rcc8 17. Rd2 Rxc3 18. bxc3 Ne4 19. Rc2 Nxc3 20.
Rxc3 Bxc3 21. Rb1 Bxa2 22. Rxb7 Be5 23. Ng4 Bg7 24. Rb8 Kg8 25. Rxf8+ Kxf8 26.
f4 f5 27. Ne3 1/2-1/2

[Event "SF Werden 2 - SF Kirchhellen"]
[Site "?"]
[Date "2019.11.17"]
[Round "3"]
[White "Bury, Tobias"]
[Black "Sinnwell, Horst"]
[Result "1/2-1/2"]
[WhiteElo "1866"]
[BlackElo "2038"]
[PlyCount "91"]
[EventDate "2019.09.06"]

1. d4 e6 2. Nf3 d5 3. g3 c5 4. Bg2 Nc6 5. O-O Nf6 6. c4 cxd4 7. Nxd4 Qb6 8.
Nxc6 bxc6 9. Nc3 Bb7 10. cxd5 cxd5 11. Be3 Qa6 12. Qb3 Bc6 13. a4 Qb7 14. Qxb7
Bxb7 15. Nb5 Bb4 16. Nc7+ Kd7 17. Nxa8 Rxa8 18. Rfd1 Ba6 19. Bf1 Ne4 20. Rac1
Nd6 21. b3 f6 22. Bd2 Rb8 23. Be3 Rb7 24. Bc5 Bxc5 25. Rxc5 Rxb3 26. Ra5 Bb7
27. Rc1 Nc4 28. Rxa7 Kc7 29. Ra5 Kb6 30. Rb5+ Rxb5 31. axb5 Kxb5 32. e4 Kc5 33.
exd5 exd5 34. Bg2 Bc6 35. h4 g6 36. Ra1 Nd6 37. Re1 Ne4 38. Rc1+ Kd6 39. Bxe4
dxe4 40. Kf1 h5 41. Ke2 Bd5 42. Ke3 Ke5 43. Rc8 g5 44. Rh8 Bf7 45. Rh7 Ke6 46.
hxg5 1/2-1/2

[Event "SF Werden 2 - SF Kirchhellen"]
[Site "?"]
[Date "2019.11.17"]
[Round "3"]
[White "Borgs, Martin"]
[Black "Blank, Stephan"]
[Result "1/2-1/2"]
[WhiteElo "1972"]
[BlackElo "1814"]
[PlyCount "52"]
[EventDate "2019.09.06"]

1. d4 Nf6 2. c4 e6 3. Nf3 b6 4. g3 Bb7 5. Bg2 g6 6. O-O Bg7 7. Nc3 O-O 8. Qc2
c6 9. e4 d5 10. cxd5 cxd5 11. e5 Ne4 12. Be3 Nxc3 13. bxc3 Ba6 14. Rfe1 Nc6 15.
Nd2 Na5 16. Bf1 Bxf1 17. Rxf1 Rc8 18. Rfc1 Nc4 19. Nxc4 Rxc4 20. a4 Qc7 21. Qb3
Rc8 22. Bd2 h5 23. Qb5 Kh7 24. a5 Bh6 25. f4 Rc6 26. Qa6 bxa5 1/2-1/2

[Event "SF Werden 2 - SF Kirchhellen"]
[Site "?"]
[Date "2019.11.17"]
[Round "3"]
[White "Brixius, Dirk"]
[Black "Hoffterheide, Thomas"]
[Result "1-0"]
[WhiteElo "1793"]
[BlackElo "1958"]
[PlyCount "193"]
[EventDate "2019.09.06"]

1. c4 Nf6 2. Nc3 e6 3. Nf3 d5 4. d4 c6 5. Bg5 Be7 6. Qc2 Nbd7 7. e3 O-O 8. Bd3
dxc4 9. Bxc4 Nd5 10. Bxe7 Qxe7 11. a3 Nxc3 12. Qxc3 b6 13. O-O Bb7 14. Rfd1
Rad8 15. b4 Qf6 16. Rac1 h5 17. h4 Qf5 18. Ng5 Qg4 19. Qd3 Nf6 20. g3 c5 21.
bxc5 bxc5 22. Qb3 Bd5 23. Bxd5 Nxd5 24. Qd3 g6 25. Rxc5 Nxe3 26. fxe3 Qxg3+ 27.
Kf1 Qxh4 28. Qe4 Qg3 29. Qf4 Qxf4+ 30. exf4 Rd6 31. Rc7 Ra6 32. Rd3 Ra5 33. Ke2
a6 34. Rc5 Rb5 35. Rxb5 axb5 36. Rb3 Ra8 37. Ne4 h4 38. Nc3 Ra5 39. Nxb5 h3 40.
Kf3 Kg7 41. Kg3 Kf6 42. Kxh3 Kf5 43. Kg3 Ke4 44. Kg4 f6 45. a4 e5 46. dxe5 fxe5
47. Rb4+ Kd5 48. Kg5 exf4 49. Rxf4 Kc5 50. Kxg6 Ra6+ 51. Kf5 Kb6 52. Ke5 Ka5
53. Nc3 Rc6 54. Kd4 Rh6 55. Kc4 Rh8 56. Rf5+ Ka6 57. a5 Rh4+ 58. Kd3 Rh3+ 59.
Kc4 Rh4+ 60. Kb3 Rh3 61. Re5 Rh6 62. Kc4 Rh3 63. Kb4 Rh6 64. Ne4 Rh1 65. Nc5+
Ka7 66. Re7+ Ka8 67. a6 Rb1+ 68. Kc4 Rb8 69. Rc7 Rb6 70. Re7 Rb1 71. Kd5 Rb6
72. Ne6 Rb1 73. Kc6 Rc1+ 74. Nc5 Rc2 75. Kb5 Rb2+ 76. Ka5 Rh2 77. Kb4 Rh1 78.
Na4 Rh4+ 79. Kb3 Rh3+ 80. Kc2 Rh6 81. Nc5 Rh4 82. Kd3 Rh1 83. Kd4 Rd1+ 84. Nd3
Ra1 85. Nb4 Rc1 86. Nd5 Rd1+ 87. Kc5 Rc1+ 88. Kd6 Ra1 89. Rh7 Ra2 90. Ke5 Re2+
91. Kf4 Rb2 92. Nc7+ Ka7 93. Rh8 Kb6 94. Rb8+ Ka7 95. Ra8+ Kb6 96. Nd5+ Kc6 97.
a7 1-0

[Event "SF Werden 2 - SF Kirchhellen"]
[Site "?"]
[Date "2019.11.17"]
[Round "3"]
[White "Belitz, Marco"]
[Black "Biermann, Klaus"]
[Result "1/2-1/2"]
[WhiteElo "1768"]
[BlackElo "1811"]
[PlyCount "145"]
[EventDate "2019.09.06"]

1. e4 d5 2. exd5 Qxd5 3. Nc3 Qa5 4. d4 Nf6 5. Nf3 Bg4 6. Be2 c6 7. O-O Qc7 8.
Re1 e6 9. Bg5 Bd6 10. h3 Bh5 11. Ne5 Bxe2 12. Qxe2 O-O 13. Bxf6 gxf6 14. Ng4
Nd7 15. Ne4 f5 16. Nxd6 Qxd6 17. Nh2 Nf6 18. Rad1 Rad8 19. Qe3 Nd5 20. Qb3 Rd7
21. Nf3 f6 22. c4 Nf4 23. Nh4 Rg7 24. Qf3 Ng6 25. Nxg6 hxg6 26. Qb3 Rd7 27. c5
Qd5 28. Rxe6 Qxb3 29. axb3 Kf7 30. Rde1 Rfd8 31. g3 Rc7 32. Kg2 Rxd4 33. Re8
Rdd7 34. Rh8 Re7 35. Rxe7+ Rxe7 36. h4 Kg7 37. Ra8 a6 38. Rb8 Kh6 39. Rh8+ Kg7
40. Rb8 Kh6 41. Kf3 Rd7 42. Kf4 Rd4+ 43. Ke3 Rb4 44. Kd2 Rxb3 45. Kc2 Rb5 46.
f3 Rxc5+ 47. Kd2 Rb5 48. Kc3 g5 49. Rd8 Re5 50. hxg5+ fxg5 51. Rd3 Re2 52. g4
fxg4 53. fxg4 Re7 54. Rd4 Kg6 55. Rd6+ Kf7 56. Rh6 Re4 57. Rh7+ Ke6 58. Rxb7
Rxg4 59. Rb6 Kd5 60. Rxa6 Rg3+ 61. Kc2 Rh3 62. b4 g4 63. Ra5+ Kc4 64. Rc5+ Kxb4
65. Rxc6 g3 66. Rg6 Kc4 67. Kd2 Kd4 68. Ke2 Ke4 69. Kf1 Kf3 70. Rf6+ Kg4 71.
Kg1 Rh4 72. Kg2 Rh2+ 73. Kg1 1/2-1/2